Об установлении курортного сбора с лиц, приезжающих лечиться кумысом в Белебеевский уезд Уфимской губернии

RUSMARC
00005231cmc2a2200000#x 450
00139d70f851e604ccfa29b6ed73a014f2b
00520181031114126.0
100##$a20130926l19091909k y0rusy0189 ca
1010#$arus
102##$aRU
251##$cДело
2250#$aФонд Совет министров (1905-1917)
$hОпись № 5
$i1909 г.
300##$aМашинописный текст
324##$aПленка
801#0$aRU
$bРГИА
$c20130926
801#1$aRU
$bГлавНИВЦ
$c20130926
$2rusmarc
801#2$aRU
$bПБ им. Б.Н. Ельцина
$c20130926
$gRCR
$2rusmarc
850##$aФедеральное казенное учреждение "Российский государственный исторический архив" (РГИА)
852##$aРГИА
$j198
937##$aASBIBLIO_SCAN
$bРГИА_1276:_5:_198:
$d1461480
$hРГИА
2001#$aОб установлении курортного сбора с лиц, приезжающих лечиться кумысом в Белебеевский уезд Уфимской губернии
$j6 - 14 мая 1909 года
215##$a22 листа
035##$a39d70f851e604ccfa29b6ed73a014f2b
6061#$aКумысолечебные курорты
$jДокументы и материалы
$2prlib_sh
$3LIBNET\UAF\0000078246
$xИстория
$yБашкирия
605##$2acquisition_Prlib
$3DITM\AF\0000004675
$aТерритория
$lколлекция
605##$aНарод
$lколлекция
$2acquisition_Prlib
$3DITM\AF\0000003834
605##$aТерритория России: Башкортостан, Республика
$lколлекция
$2acquisition_Prlib
$3LIBNET\UAF\0000053731
605##$aРеспублика Башкортостан: страницы истории
$lколлекция
$2acquisition_Prlib
$3LIBNET\UAF\0000053732
617##$2prlib_sh
$cУфимская губерния
617##$2prlib_sh
$bБашкортостан, Республика
686##$a63.3(28-8Уфи)53ю1
$2rubbk
$vLBC/M
1222#$ad19090506##
$ad19090514##
461#0$1001c7912e80-a322-4844-9992-beca65726c82
$12001
$aСовет министров (1905-1917)
$1251
$cФонд
$1852
$j1276
462#0$100164261bc6-18ac-401c-bae1-b17ceb7bb47e
$12001
$a1909 г.
$vД. 198
$1251
$cОпись
$1852
$j5
Формат отображения